000
00297nam a2200145Ia 4500
100
_a
Talele/ K.T.
942
_c
BK
654
_a
computer
245
_a
Int to Computer Graphics
260
_b
Vipul prakashan
_c
1999
082
_a
6.6
_b
TAL
300
_a
150
546
_a
ENGLISH
999
_c
33322
_d
33322